[Event "Quebec-ch qual U1800"]
[Site "Montreal"]
[Date "2005.10.08"]
[Round "2"]
[White "Saziouk, Alexandre"]
[Black "Lawson, Jonathan"]
[Result "0-1"]
[WhiteElo "1708"]
[BlackElo "1640"]
[PlyCount "150"]
[EventDate "2005.10.08"]
[EventType "swiss"]
[EventRounds "3"]
[EventCountry "CAN"]
[SourceTitle "EXT 2009"]
[Source "ChessBase"]
[SourceDate "2008.11.26"]
[SourceVersion "1"]
[SourceVersionDate "2008.11.26"]
[SourceQuality "1"]

1. d4 Nf6 2. e3 g6 3. c3 Bg7 4. Bd3 d6 5. f4 c5 6. Nd2 a6 7. Ngf3 b5 8. 0-0 0-0 9. Qe1 c4 10. Bc2 d5 11. h3 a5 12. Ne5 Na6 13. Qh4 Qe8 14. Ndf3 Ne4 15. Bxe4 dxe4 16. Ng5 h6 17. Nxe4 f6 18. Nf3 Bf5 19. Nf2 b4 20. e4 Bc8 21. Bd2 Bb7 22. Qg3 f5 23. e5 e6 24. Ne1 Kh7 25. Nc2 Qb5 26. Ne3 Rg8 27. h4 Bf8 28. Qh2 Nc7 29. Rab1 Kg7 30. Rfc1 Nd5 31. Nh3 Kf7 32. Qg3 Be7 33. Nf2 Nxe3 34. Bxe3 Rg7 35. b3 cxb3 36. c4 Qc6 37. axb3 Bxh4 38. Qh3 Be7 39. Rd1 Rd8 40. Rb2 a4 41. Rbd2 axb3 42. d5 Qxc4 43. dxe6+ Kxe6 44. Rxd8 Bxd8 45. Qxh6 Qc6 46. Rd6+ Qxd6 47. exd6 b2 48. Qxg7 b1Q+ 49. Kh2 Bc6 50. Qxg6+ Kd7 51. Bd4 Qc2 52. g4 b3 53. Qxf5+ Qxf5 54. gxf5 Bb6 55. Bb2 Bxf2 56. Kh3 Bf3 57. f6 Kxd6 58. Be5+ Ke6 59. Bb2 Kf5 60. f7 Bc5 61. Kg3 Bd5 62. f8Q+ Bxf8 63. Kf2 Kxf4 64. Ke2 Bc4+ 65. Kd2 Bb4+ 66. Kc1 Bd3 67. Bh8 Ke3 68. Bf6 Bc2 69. Kb2 Kd3 70. Be5 Bc5 71. Kc1 Be3+ 72. Kb2 Bd4+ 73. Bxd4 Kxd4 74. Kc1 Kc4 75. Kb2 Kb4 0-1

[Event "Sherbrooke CC-ch"]
[Site "Sherbrooke"]
[Date "2005.04.29"]
[Round "3"]
[White "Mercier, Andre"]
[Black "Saziouk, Alexandre"]
[Result "1/2-1/2"]
[WhiteElo "1811"]
[BlackElo "1725"]
[PlyCount "106"]
[EventDate "2005.04.15"]
[EventType "swiss"]
[EventRounds "5"]
[EventCountry "CAN"]
[SourceTitle "EXT 2006"]
[Source "ChessBase"]
[SourceDate "2005.11.24"]
[SourceVersion "1"]
[SourceVersionDate "2005.11.24"]
[SourceQuality "1"]

1. d4 d5 2. Nf3 Nf6 3. g3 e6 4. Bg2 Nbd7 5. Nbd2 Be7 6. 0-0 0-0 7. Re1 Ne4 8. Ne5 Nxd2 9. Nxd7 Bxd7 10. Qxd2 f5 11. c4 c6 12. b3 g5 13. f3 Rf7 14. e4 Qb6 15. c5 Qc7 16. exd5 exd5 17. f4 h6 18. Qd3 g4 19. Bd2 Bf6 20. Re2 Re7 21. Rae1 Rae8 22. Re5 Bxe5 23. dxe5 Be6 24. Qd4 b5 25. Bc3 a5 26. Bb2 b4 27. Bf1 h5 28. Be2 Rg7 29. Kg2 Qe7 30. Bf1 h4 31. Kf2 Kf7 32. Bg2 Rh8 33. Rg1 Rgh7 34. Bc1 hxg3+ 35. hxg3 Qa7 36. Be3 Kg6 37. Bd2 Rh2 38. Be3 R8h3 39. Bd2 Qh7 40. Qd3 Qa7 41. Qd4 Qa6 42. Be1 Rh7 43. Ke3 Rb7 44. Bf1 Qa7 45. Be2 a4 46. Rf1 axb3 47. axb3 Qa2 48. Bd1 Qa5 49. Be2 Qa7 50. Bd1 Qa6 51. Rf2 Rh3 52. Re2 Qa5 53. Rc2 Qb5 1/2-1/2

[Event "Sherbrooke Perpetuelles 7-12"]
[Site "Sherbrooke"]
[Date "2004.12.17"]
[Round "6"]
[White "Grenier, Jean Pierre"]
[Black "Saziouk, Alexandre"]
[Result "0-1"]
[WhiteElo "1571"]
[BlackElo "1739"]
[PlyCount "60"]
[EventDate "2004.??.??"]
[EventType "swiss"]
[EventRounds "6"]
[EventCountry "CAN"]
[SourceTitle "EXT 2006"]
[Source "ChessBase"]
[SourceDate "2005.11.24"]
[SourceVersion "1"]
[SourceVersionDate "2005.11.24"]
[SourceQuality "1"]

1. c4 e5 2. Nc3 Nf6 3. g3 Nc6 4. Bg2 Be7 5. e3 0-0 6. Nge2 d6 7. 0-0 Ng4 8. d4 exd4 9. exd4 Re8 10. a3 a5 11. h3 Nf6 12. Be3 Bf5 13. Nf4 Qd7 14. g4 g5 15. Nfd5 Nxg4 16. Nxe7+ Nxe7 17. Bxg5 f6 18. f3 Nh2 19. Kxh2 fxg5 20. f4 g4 21. Ne4 Rf8 22. hxg4 Bxg4 23. Bf3 Bf5 24. Rg1+ Ng6 25. Ng3 Qe7 26. Nxf5 Rxf5 27. Rxg6+ hxg6 28. Bd5+ Kg7 29. Qg4 Rh8+ 30. Kg2 Rh4 0-1

[Event "Sherbrooke op-B"]
[Site "Sherbrooke"]
[Date "2004.05.30"]
[Round "5"]
[White "Saziouk, Alexandre"]
[Black "Fecteau, Denis"]
[Result "1/2-1/2"]
[WhiteElo "1774"]
[BlackElo "1658"]
[PlyCount "130"]
[EventDate "2004.05.??"]
[EventType "swiss"]
[EventRounds "5"]
[EventCountry "CAN"]
[SourceTitle "EXT 2005"]
[Source "ChessBase"]
[SourceDate "2004.11.15"]
[SourceVersion "1"]
[SourceVersionDate "2004.11.15"]
[SourceQuality "1"]

1. d4 Nf6 2. c4 g6 3. Nc3 Bg7 4. e4 d6 5. Nf3 0-0 6. Be2 Nbd7 7. h3 e5 8. d5 Nc5 9. Bg5 a5 10. Qc2 h6 11. Be3 b6 12. g4 h5 13. Nh2 hxg4 14. hxg4 Nh7 15. a4 Bf6 16. Nb5 Bg5 17. Nf1 Bxe3 18. Nxe3 Ng5 19. f3 Bd7 20. 0-0-0 Bxb5 21. cxb5 Kg7 22. b3 Qf6 23. Kb2 Rh8 24. Qc3 Qf4 25. Ka3 Rh2 26. Rxh2 Qxh2 27. Rd2 Rh8 28. Qc2 Qg1 29. Nc4 Qa1+ 30. Qa2 Qc3 31. Qc2 Qb4+ 32. Ka2 Rh3 33. Nb2 Nxf3 34. Bxf3 Rxf3 35. Nd3 Qxe4 36. Nxc5 Qxc2+ 37. Rxc2 bxc5 38. b4 axb4 39. Rxc5 Ra3+ 40. Kb2 dxc5 41. d6 cxd6 42. b6 Rxa4 43. b7 b3 44. b8Q Rd4 45. g5 c4 46. Kc3 Rf4 47. Qxd6 Rf5 48. Qd2 e4 49. Kxc4 b2 50. Qxb2+ Kg8 51. Qd2 Kg7 52. Kd4 f6 53. gxf6+ Kxf6 54. Kxe4 Kg7 55. Qd4+ Kf7 56. Qd7+ Kf6 57. Qd8+ Kf7 58. Qh8 Rh5 59. Qd8 Rf5 60. Qd7+ Kf6 61. Qe8 Kg7 62. Qe7+ Kg8 63. Ke3 Rh5 64. Kf4 Rf5+ 65. Ke4 Kh8 1/2-1/2